|
|
|
|
| LEADER |
01853nam a22003738i 4500 |
| 001 |
34357 |
| 003 |
BD-DhAAL |
| 005 |
20190321094513.0 |
| 008 |
180423t20192017nyu b 001 0 eng |
| 999 |
|
|
|c 40487
|d 40487
|
| 010 |
|
|
|a 2018019884
|
| 020 |
|
|
|a 9781138095564 (paperback)
|
| 020 |
|
|
|a 9781138095557 (hardback)
|
| 020 |
|
|
|z 9781315105642 (ebook)
|
| 040 |
|
|
|a DLC
|b eng
|c DLC
|e rda
|d BD-DhAAL
|
| 042 |
|
|
|a pcc
|
| 050 |
0 |
0 |
|a LB1028.38
|b .M35 2019
|
| 082 |
0 |
0 |
|a 371.1007
|2 23
|
| 100 |
1 |
|
|a McKenney, Susan E.
|9 30313
|
| 245 |
1 |
0 |
|a Conducting educational design research /
|c Susan McKenney & Thomas C. Reeves.
|
| 250 |
|
|
|a Second edition.
|
| 260 |
|
|
|a New York :
|b Routledge,
|c 2019.
|
| 263 |
|
|
|a 1111
|
| 300 |
|
|
|a xiii, 312 pages :
|b illustrations :
|c 24 cm
|
| 500 |
|
|
|a "[First edition published by Routledge 2012]"--T.p. verso.
|
| 504 |
|
|
|a Includes bibliographical references and index.
|
| 505 |
0 |
|
|a Part 1. FOUNDATIONS -- 1. About educational design research -- 2. Contributions to theory and practice: Concepts and examples -- 3. Toward a generic model for educational design research -- Part 2. CORE PROCESSES -- 4. Analysis and exploration -- 5. Design and construction -- 6. Evaluation and reflection -- 7. Implementation and spread -- Part 3. MOVING FORWARD -- 8. Writing proposals for educational design research -- 9. Reporting educational design research -- 10. Looking back and looking ahead.
|
| 526 |
|
|
|a AAL
|
| 541 |
|
|
|a Parama
|e 34357
|
| 650 |
|
0 |
|a Instructional systems
|x Design
|x Research.
|9 30314
|
| 700 |
1 |
|
|a Reeves, Thomas C.
|q (Thomas Charles)
|9 30315
|
| 852 |
|
|
|a Ayesha Abed Library
|c General Stacks
|
| 942 |
|
|
|2 ddc
|c BK
|
| 952 |
|
|
|0 0
|1 0
|2 ddc
|4 0
|6 371_100700000000000_MCK
|7 0
|9 65116
|a BRACUL
|b BRACUL
|c GEN
|d 2019-02-26
|e Parama
|g 2129.29
|l 1
|m 3
|o 371.1007 MCK
|p 3010034357
|r 2023-04-09
|s 2022-06-09
|t 1
|v 2129.29
|w 2019-02-26
|y BK
|